| 000 | 00538 a2200193 4500 | ||
|---|---|---|---|
| 001 | 072215 | ||
| 003 | OSt | ||
| 005 | 20210927124548.0 | ||
| 008 | |||
| 020 | _a9780195638462(of 56th Impression, 2016) | ||
| 082 |
_a491.43321 _bO2O |
||
| 245 | 1 |
_aOxford Hindi-English dictionary _cedited by R.S. McGregor |
|
| 260 |
_aNew Delhi _bOxford University _c2011, 2016 |
||
| 300 | _a1083p. | ||
| 653 | _aHindi language | ||
| 653 | _aEnglish language | ||
| 700 |
_aMcGregor, R.S. _eEditor |
||
| 942 |
_2ddc _cBK |
||
| 999 |
_c5452 _d5452 |
||